[Event "Russian Higher League 2021"]
[Site "?"]
[Date "2021.06.26"]
[Round "1.17"]
[White "Askerov, Marat"]
[Black "Goryachkina, Aleksandra"]
[Result "1/2-1/2"]
[WhiteElo "2354"]
[BlackElo "2596"]
[Annotator ""]
[Source ""]
[Remark ""]

1.d4 {[%clk 1:30:55]} Nf6 {[%clk 1:30:47]} 2.c4 {[%clk 1:31:12]}
e6 {[%clk 1:31:06]} 3.Nf3 {[%clk 1:31:35]} d5 {[%clk 1:31:19]}
4.g3 {[%clk 1:31:59]} dxc4 {[%clk 1:31:01]} 5.Bg2 {[%clk 1:32:23]}
a6 {[%clk 1:30:41]} 6.O-O {[%clk 1:32:38]} Nc6 {[%clk 1:30:49]}
7.e3 {[%clk 1:32:54]} Bd7 {[%clk 1:30:14]} 8.Qe2 {[%clk 1:33:10]}
Bd6 {[%clk 1:30:18]} 9.Qxc4 {[%clk 1:30:59]} O-O {[%clk 1:30:03]}
10.Rd1 {[%clk 1:26:19]} Qe7 {[%clk 1:28:31]} 11.Qe2 {[%clk 1:18:07]}
Rad8 {[%clk 1:22:21]} 12.Nc3 {[%clk 1:06:24]} h6 {[%clk 1:19:42]}
13.Bd2 {[%clk 0:54:59]} b5 {[%clk 1:05:42]} 14.a3 {[%clk 0:36:20]}
e5 {[%clk 1:03:31]} 15.dxe5 {[%clk 0:33:22]} Nxe5 {[%clk 1:03:36]}
16.Nxe5 {[%clk 0:29:47]} Bxe5 {[%clk 1:02:40]} 17.Nd5 {[%clk 0:24:29]}
Nxd5 {[%clk 0:56:22]} 18.Bxd5 {[%clk 0:24:56]} Bh3 {[%clk 0:47:32]}
19.e4 {[%clk 0:06:03]} Qf6 {[%clk 0:44:02]} 20.Bb4 {[%clk 0:06:09]}
Rfe8 {[%clk 0:40:21]} 21.Rac1 {[%clk 0:06:22]} Bd7 {[%clk 0:25:55]}
22.Ba5 {[%clk 0:05:47]} Be6 {[%clk 0:22:45]} 23.Rc6 {[%clk 0:04:22]}
Rd6 {[%clk 0:17:05]} 24.Rxd6 {[%clk 0:03:08]} cxd6 {[%clk 0:16:28]}
25.Bxe6 {[%clk 0:01:26]} Rxe6 {[%clk 0:16:25]} 26.b3 {[%clk 0:01:08]}
Bd4 {[%clk 0:14:58]} 27.Qc2 {[%clk 0:01:19]} h5 {[%clk 0:12:50]}
28.h4 {[%clk 0:01:18]} Qe5 {[%clk 0:10:44]} 29.Qd3 {[%clk 0:01:30]}
Bc5 {[%clk 0:09:21]} 30.b4 {[%clk 0:01:01]} Ba7 {[%clk 0:09:22]}
31.Bc7 {[%clk 0:01:00]} Rf6 {[%clk 0:05:57]} 32.Bxd6 {[%clk 0:00:33]}
Qb2 {[%clk 0:02:28]} 33.Rd2 {[%clk 0:00:51]} Rxf2 {[%clk 0:01:37]}
34.Rxb2 {[%clk 0:00:38]} Rf3+ {[%clk 0:01:51]} 35.Bc5 {[%clk 0:00:32]}
Bxc5+ {[%clk 0:02:19]} 36.bxc5 {[%clk 0:00:59]} Rxd3 {[%clk 0:02:44]}
37.Rc2 {[%clk 0:01:26]} Kf8 {[%clk 0:02:58]} 38.c6 {[%clk 0:01:20]}
Rd8 {[%clk 0:02:57]} 39.Kf2 {[%clk 0:01:03]} Ke7 {[%clk 0:02:40]}
40.c7 {[%clk 0:00:34]} Rc8 {[%clk 0:02:56]} 41.Rc6 {[%clk 0:00:54]}
Kd7 {[%clk 0:02:51]} 42.Rxa6 {[%clk 0:01:19]} Rxc7 {[%clk 0:03:10]}
43.Ke3 {[%clk 0:01:34]} Rc3+ {[%clk 0:00:45]} 44.Kf4 {[%clk 0:01:56]} 1/2-1/2

[Event "Russian Higher League 2021"]
[Site "?"]
[Date "2021.06.26"]
[Round "1.18"]
[White "Kobalia, Mikhail"]
[Black "Grachev, Alexey"]
[Result "1/2-1/2"]
[WhiteElo "2596"]
[BlackElo "2347"]
[Annotator ""]
[Source ""]
[Remark ""]

1.e4 {[%clk 1:30:57]} c6 {[%clk 1:30:24]} 2.Nf3 {[%clk 1:28:22]}
d5 {[%clk 1:30:45]} 3.exd5 {[%clk 1:28:20]} cxd5 {[%clk 1:31:09]}
4.Ne5 {[%clk 1:28:47]} a6 {[%clk 1:30:08]} 5.d4 {[%clk 1:27:11]}
Nc6 {[%clk 1:29:47]} 6.Nxc6 {[%clk 1:21:20]} bxc6 {[%clk 1:30:10]}
7.c4 {[%clk 1:21:40]} Nf6 {[%clk 1:24:23]} 8.Nc3 {[%clk 1:21:19]}
g6 {[%clk 1:22:46]} 9.Bf4 {[%clk 1:18:16]} Bg7 {[%clk 1:20:51]}
10.Be5 {[%clk 1:15:37]} O-O {[%clk 1:15:42]} 11.Bd3 {[%clk 1:11:18]}
dxc4 {[%clk 0:57:11]} 12.Bxc4 {[%clk 1:11:37]} c5 {[%clk 0:55:25]}
13.d5 {[%clk 1:02:06]} Ne8 {[%clk 0:52:07]} 14.Bxg7 {[%clk 1:00:44]}
Kxg7 {[%clk 0:51:50]} 15.O-O {[%clk 1:01:07]} Nd6 {[%clk 0:51:59]}
16.b3 {[%clk 1:00:44]} e5 {[%clk 0:39:08]} 17.Re1 {[%clk 0:59:41]}
Re8 {[%clk 0:38:07]} 18.Bf1 {[%clk 0:59:46]} Bd7 {[%clk 0:36:42]}
19.Rc1 {[%clk 0:56:32]} Qb6 {[%clk 0:35:59]} 20.Ne4 {[%clk 0:55:41]}
Rac8 {[%clk 0:29:24]} 21.Qd2 {[%clk 0:53:13]} Bb5 {[%clk 0:27:25]}
22.Qg5 {[%clk 0:51:22]} Nxe4 {[%clk 0:24:43]} 23.Rxe4 {[%clk 0:51:30]}
f6 {[%clk 0:21:33]} 24.Qe3 {[%clk 0:46:19]} Qd6 {[%clk 0:21:18]}
25.Rh4 {[%clk 0:45:47]} g5 {[%clk 0:19:03]} 26.Bxb5 {[%clk 0:37:19]}
axb5 {[%clk 0:19:22]} 27.Rh5 {[%clk 0:37:35]} h6 {[%clk 0:13:14]}
28.Qh3 {[%clk 0:34:03]} Qxd5 {[%clk 0:12:32]} 29.Rxh6 {[%clk 0:34:23]}
Qe4 {[%clk 0:09:07]} 30.Rh5 {[%clk 0:34:00]} Rcd8 {[%clk 0:08:35]}
31.Rf1 {[%clk 0:32:43]} Qd3 {[%clk 0:07:23]} 32.g3 {[%clk 0:20:30]}
c4 {[%clk 0:06:05]} 33.bxc4 {[%clk 0:18:09]} bxc4 {[%clk 0:06:34]}
34.Rc1 {[%clk 0:18:05]} c3 {[%clk 0:05:36]} 35.g4 {[%clk 0:17:58]}
Qxh3 {[%clk 0:04:29]} 36.Rxh3 {[%clk 0:18:27]} Rd4 {[%clk 0:04:51]}
37.Rg3 {[%clk 0:16:21]} Ra8 {[%clk 0:03:21]} 38.Rc2 {[%clk 0:13:15]}
Rd1+ {[%clk 0:03:19]} 39.Kg2 {[%clk 0:13:43]} Rd2 {[%clk 0:03:44]}
40.Rgxc3 {[%clk 0:13:04]} Rxa2 {[%clk 0:04:09]} 41.Rxd2 {[%clk 0:13:29]}
Rxd2 {[%clk 0:04:36]} 42.h3 {[%clk 0:13:55]} Rb2 {[%clk 0:05:01]} 1/2-1/2

[Event "Russian Higher League 2021"]
[Site "?"]
[Date "2021.06.26"]
[Round "1.19"]
[White "Galaktionov, Artem"]
[Black "Timofeev, Artyom"]
[Result "0-1"]
[WhiteElo "2318"]
[BlackElo "2595"]
[Annotator ""]
[Source ""]
[Remark ""]

1.d4 {[%clk 1:28:03]} d5 {[%clk 1:30:48]} 2.c4 {[%clk 1:28:29]}
e6 {[%clk 1:31:04]} 3.Nf3 {[%clk 1:28:55]} c6 {[%clk 1:30:41]}
4.e3 {[%clk 1:29:22]} Nf6 {[%clk 1:29:46]} 5.Bd3 {[%clk 1:29:24]}
Nbd7 {[%clk 1:16:06]} 6.O-O {[%clk 1:29:18]} Be7 {[%clk 1:16:18]}
7.Nbd2 {[%clk 1:27:38]} O-O {[%clk 1:14:49]} 8.e4 {[%clk 1:23:02]}
dxe4 {[%clk 1:13:21]} 9.Nxe4 {[%clk 1:23:27]} c5 {[%clk 1:13:39]}
10.Nxf6+ {[%clk 1:09:36]} Nxf6 {[%clk 1:09:42]} 11.b3 {[%clk 1:06:34]}
b6 {[%clk 1:08:46]} 12.Bb2 {[%clk 1:06:19]} Bb7 {[%clk 1:09:06]}
13.dxc5 {[%clk 1:06:16]} Bxc5 {[%clk 0:57:23]} 14.Qe2 {[%clk 1:06:17]}
Qe7 {[%clk 0:50:18]} 15.Ne5 {[%clk 0:57:06]} Rfd8 {[%clk 0:47:39]}
16.Rad1 {[%clk 0:57:11]} a5 {[%clk 0:47:38]} 17.Ng4 {[%clk 0:55:01]}
Ne8 {[%clk 0:43:41]} 18.Qe5 {[%clk 0:47:39]} f5 {[%clk 0:35:37]}
19.Ne3 {[%clk 0:42:53]} Bd6 {[%clk 0:25:15]} 20.Qc3 {[%clk 0:41:23]}
Qg5 {[%clk 0:25:35]} 21.g3 {[%clk 0:34:33]} Qh5 {[%clk 0:21:20]}
22.f4 {[%clk 0:33:14]} Nf6 {[%clk 0:18:05]} 23.Qe1 {[%clk 0:28:08]}
Bc5 {[%clk 0:17:14]} 24.Bxf6 {[%clk 0:25:10]} gxf6 {[%clk 0:17:38]}
25.Qf2 {[%clk 0:23:34]} Qe8 {[%clk 0:11:45]} 26.Be2 {[%clk 0:19:03]}
e5 {[%clk 0:11:32]} 27.Bf3 {[%clk 0:16:23]} exf4 {[%clk 0:09:59]}
28.Bxb7 {[%clk 0:14:46]} Bxe3 {[%clk 0:10:21]} 29.Bd5+ {[%clk 0:14:33]}
Kg7 {[%clk 0:10:14]} 0-1

[Event "Russian Higher League 2021"]
[Site "?"]
[Date "2021.06.26"]
[Round "1.20"]
[White "Yuffa, Daniil"]
[Black "Ibadov, Dashgyn"]
[Result "1-0"]
[WhiteElo "2578"]
[BlackElo "2285"]
[Annotator ""]
[Source ""]
[Remark ""]

1.d4 {[%clk 1:30:53]} d5 {[%clk 1:30:53]} 2.c4 {[%clk 1:30:55]}
c6 {[%clk 1:31:11]} 3.Nf3 {[%clk 1:31:15]} Nf6 {[%clk 1:31:35]}
4.g3 {[%clk 1:31:13]} e6 {[%clk 1:31:43]} 5.Bg2 {[%clk 1:31:37]}
dxc4 {[%clk 1:29:55]} 6.Ne5 {[%clk 1:31:20]} Bb4+ {[%clk 1:23:05]}
7.Bd2 {[%clk 1:31:43]} Be7 {[%clk 1:22:24]} 8.e3 {[%clk 1:30:04]}
b5 {[%clk 1:20:45]} 9.a4 {[%clk 1:24:41]} Nd5 {[%clk 1:10:19]}
10.axb5 {[%clk 1:23:10]} cxb5 {[%clk 1:10:41]} 11.Ba5 {[%clk 1:20:28]}
Qd6 {[%clk 0:56:43]} 12.Nc3 {[%clk 1:20:16]} O-O {[%clk 0:23:15]}
13.Nxb5 {[%clk 1:18:17]} Qa6 {[%clk 0:23:38]} 14.Nc7 {[%clk 1:17:11]}
Nxc7 {[%clk 0:18:59]} 15.Bxc7 {[%clk 1:16:49]} Bb4+ {[%clk 0:19:22]}
16.Kf1 {[%clk 1:16:23]} Qb5 {[%clk 0:14:56]} 17.Qa4 {[%clk 1:15:06]} 1-0

[Event "Russian Higher League 2021"]
[Site "?"]
[Date "2021.06.26"]
[Round "1.21"]
[White "Rudovskii, Filipp"]
[Black "Rozum, Ivan"]
[Result "0-1"]
[WhiteElo "2260"]
[BlackElo "2549"]
[Annotator ""]
[Source ""]
[Remark ""]

1.e4 {[%clk 1:30:58]} c6 {[%clk 1:30:09]} 2.d4 {[%clk 1:31:10]}
d5 {[%clk 1:30:32]} 3.e5 {[%clk 1:31:29]} Bf5 {[%clk 1:30:27]}
4.Nc3 {[%clk 1:30:55]} e6 {[%clk 1:30:38]} 5.g4 {[%clk 1:31:00]}
Bg6 {[%clk 1:31:05]} 6.Nge2 {[%clk 1:31:19]} c5 {[%clk 1:30:57]}
7.h4 {[%clk 1:31:26]} h5 {[%clk 1:31:14]} 8.Nf4 {[%clk 1:31:44]}
Bh7 {[%clk 1:31:30]} 9.Nxh5 {[%clk 1:31:55]} Nc6 {[%clk 1:31:21]}
10.dxc5 {[%clk 1:31:09]} Bxc5 {[%clk 1:31:20]} 11.Bg5 {[%clk 1:29:38]}
Qb6 {[%clk 1:30:53]} 12.Nxg7+ {[%clk 1:27:37]} Kf8 {[%clk 1:31:17]}
13.Nxe6+ {[%clk 1:27:58]} fxe6 {[%clk 1:31:43]} 14.Qf3+ {[%clk 1:28:25]}
Ke8 {[%clk 1:32:07]} 15.O-O-O {[%clk 1:28:48]} Bd4 {[%clk 1:30:51]}
16.Bb5 {[%clk 1:28:15]} Rc8 {[%clk 1:14:33]} 17.Rxd4 {[%clk 1:13:05]}
Qxd4 {[%clk 1:12:49]} 18.Bf6 {[%clk 1:07:09]} Qc5 {[%clk 0:49:19]}
19.Bxh8 {[%clk 1:03:38]} d4 {[%clk 0:49:32]} 20.Bd3 {[%clk 0:28:20]}
Bxd3 {[%clk 0:48:41]} 21.Qxd3 {[%clk 0:28:41]} dxc3 {[%clk 0:48:37]}
22.Qg6+ {[%clk 0:25:51]} Kd7 {[%clk 0:48:59]} 23.Rd1+ {[%clk 0:26:15]}
Kc7 {[%clk 0:48:49]} 24.Qxe6 {[%clk 0:26:26]} Qxf2 {[%clk 0:45:33]}
25.Qd6+ {[%clk 0:24:48]} Kb6 {[%clk 0:45:57]} 26.e6 {[%clk 0:23:23]}
Nf6 {[%clk 0:44:37]} 27.Bxf6 {[%clk 0:18:46]} Qxf6 {[%clk 0:44:04]}
28.b4 {[%clk 0:19:14]} Rd8 {[%clk 0:41:11]} 29.Qc5+ {[%clk 0:19:16]}
Kc7 {[%clk 0:41:36]} 30.Rxd8 {[%clk 0:17:53]} Qf4+ {[%clk 0:41:38]}
31.Kd1 {[%clk 0:18:06]} Qf1# {[%clk 0:41:59]} 0-1

[Event "Russian Higher League 2021"]
[Site "?"]
[Date "2021.06.26"]
[Round "1.22"]
[White "Iljiushenok, Ilia"]
[Black "Tugarin, Anton"]
[Result "1-0"]
[WhiteElo "2530"]
[BlackElo "2247"]
[Annotator ""]
[Source ""]
[Remark ""]

1.c4 {[%clk 1:28:43]} e6 {[%clk 1:24:43]} 2.Nf3 {[%clk 1:29:08]}
d5 {[%clk 1:24:51]} 3.e3 {[%clk 1:29:34]} Nf6 {[%clk 1:23:13]}
4.b3 {[%clk 1:29:48]} Be7 {[%clk 1:22:03]} 5.Bb2 {[%clk 1:29:23]}
O-O {[%clk 1:21:48]} 6.Qc2 {[%clk 1:22:30]} b6 {[%clk 1:12:06]}
7.g4 {[%clk 1:14:41]} Nxg4 {[%clk 0:49:24]} 8.Rg1 {[%clk 1:13:03]}
Nf6 {[%clk 0:47:24]} 9.Bd3 {[%clk 0:55:27]} h6 {[%clk 0:43:47]}
10.Nc3 {[%clk 0:44:30]} Na6 {[%clk 0:34:04]} 11.a3 {[%clk 0:43:49]}
dxc4 {[%clk 0:29:45]} 12.Bxc4 {[%clk 0:41:25]} Nc5 {[%clk 0:22:55]}
13.O-O-O {[%clk 0:37:34]} Bb7 {[%clk 0:20:29]} 14.Ne5 {[%clk 0:37:13]}
Ncd7 {[%clk 0:15:01]} 15.d4 {[%clk 0:30:40]} Bd6 {[%clk 0:13:43]}
16.Rg3 {[%clk 0:17:20]} Qe7 {[%clk 0:12:23]} 17.Rdg1 {[%clk 0:17:43]}
Ne8 {[%clk 0:12:00]} 18.Ne4 {[%clk 0:16:10]} Rd8 {[%clk 0:05:50]}
19.Rh3 {[%clk 0:16:10]} Bxe4 {[%clk 0:00:39]} 20.Qxe4 {[%clk 0:16:38]}
f5 {[%clk 0:01:01]} 21.Qg2 {[%clk 0:12:35]} Bxe5 {[%clk 0:00:49]}
22.dxe5 {[%clk 0:13:03]} Nc5 {[%clk 0:01:09]} 23.Rxh6 {[%clk 0:12:40]}
b5 {[%clk 0:00:40]} 24.Qh3 {[%clk 0:11:25]} 1-0

[Event "Russian Higher League 2021"]
[Site "?"]
[Date "2021.06.26"]
[Round "1.23"]
[White "Gitelson, Arkady"]
[Black "Lobanov, Sergei"]
[Result "0-1"]
[WhiteElo "2230"]
[BlackElo "2514"]
[Annotator ""]
[Source ""]
[Remark ""]

1.b3 {[%clk 1:30:58]} d5 {[%clk 1:30:16]} 2.Bb2 {[%clk 1:31:24]}
c5 {[%clk 1:30:42]} 3.e3 {[%clk 1:31:52]} e6 {[%clk 1:31:09]}
4.Bb5+ {[%clk 1:30:55]} Bd7 {[%clk 1:30:34]} 5.Bxd7+ {[%clk 1:31:20]}
Qxd7 {[%clk 1:30:03]} 6.Nf3 {[%clk 1:31:07]} Nc6 {[%clk 1:30:28]}
7.O-O {[%clk 1:29:59]} Nf6 {[%clk 1:30:46]} 8.d3 {[%clk 1:28:46]}
Bd6 {[%clk 1:27:10]} 9.Nbd2 {[%clk 1:28:54]} O-O-O {[%clk 1:27:33]}
10.c4 {[%clk 1:22:24]} Kb8 {[%clk 1:25:44]} 11.Qe2 {[%clk 1:22:07]}
h5 {[%clk 1:22:05]} 12.Rfd1 {[%clk 1:20:32]} h4 {[%clk 1:18:15]}
13.h3 {[%clk 1:19:40]} Bc7 {[%clk 1:09:46]} 14.Rac1 {[%clk 1:10:05]}
d4 {[%clk 1:08:58]} 15.exd4 {[%clk 1:07:55]} cxd4 {[%clk 1:09:22]}
16.b4 {[%clk 1:02:29]} Nh5 {[%clk 1:04:50]} 17.b5 {[%clk 1:00:50]}
Nf4 {[%clk 1:05:00]} 18.Qf1 {[%clk 1:00:29]} Nb4 {[%clk 1:03:04]}
19.Bxd4 {[%clk 0:44:47]} Nbxd3 {[%clk 1:01:49]} 20.Rc3 {[%clk 0:39:02]}
e5 {[%clk 1:02:09]} 21.Be3 {[%clk 0:39:21]} Qf5 {[%clk 0:59:28]}
22.c5 {[%clk 0:34:12]} e4 {[%clk 0:55:12]} 23.b6 {[%clk 0:32:50]}
axb6 {[%clk 0:55:25]} 24.cxb6 {[%clk 0:33:17]} Bd6 {[%clk 0:55:53]}
25.Nc4 {[%clk 0:12:25]} exf3 {[%clk 0:52:27]} 26.Bxf4 {[%clk 0:09:44]}
Nxf4 {[%clk 0:50:52]} 27.Nxd6 {[%clk 0:08:38]} Ne2+ {[%clk 0:49:50]}
28.Kh1 {[%clk 0:09:05]} Nxc3 {[%clk 0:49:31]} 29.Qc4 {[%clk 0:09:31]}
fxg2+ {[%clk 0:48:59]} 30.Kxg2 {[%clk 0:08:48]} Qg5+ {[%clk 0:48:42]}
31.Kh1 {[%clk 0:09:03]} Qe7 0-1

[Event "Russian Higher League 2021"]
[Site "?"]
[Date "2021.06.26"]
[Round "1.24"]
[White "Triapishko, Alexandr"]
[Black "Smirnov, Anton"]
[Result "1-0"]
[WhiteElo "2510"]
[BlackElo "2154"]
[Annotator ""]
[Source ""]
[Remark ""]

1.Nf3 {[%clk 1:30:01]} d5 {[%clk 1:30:54]} 2.g3 {[%clk 1:27:46]}
Nf6 {[%clk 1:27:00]} 3.Bg2 {[%clk 1:27:49]} Bf5 {[%clk 1:21:40]}
4.c4 {[%clk 1:23:22]} c6 {[%clk 1:19:27]} 5.O-O {[%clk 1:22:59]}
e6 {[%clk 1:17:40]} 6.Qb3 {[%clk 1:21:47]} Qb6 {[%clk 1:16:56]}
7.d3 {[%clk 1:21:57]} Nbd7 {[%clk 1:12:55]} 8.Be3 {[%clk 1:21:37]}
Bc5 {[%clk 1:10:28]} 9.Bxc5 {[%clk 1:21:34]} Nxc5 {[%clk 1:10:36]}
10.Qa3 {[%clk 1:21:36]} O-O {[%clk 1:08:46]} 11.Nbd2 {[%clk 1:15:48]}
a5 {[%clk 1:04:15]} 12.Qc3 {[%clk 0:58:47]} h6 {[%clk 0:57:37]}
13.Rfc1 {[%clk 0:50:11]} Ncd7 {[%clk 0:54:52]} 14.b3 {[%clk 0:43:46]}
Rfe8 {[%clk 0:51:23]} 15.a3 {[%clk 0:31:22]} Bh7 {[%clk 0:41:52]}
16.b4 {[%clk 0:23:35]} axb4 {[%clk 0:40:34]} 17.axb4 {[%clk 0:19:41]}
Rxa1 {[%clk 0:30:47]} 18.Rxa1 {[%clk 0:18:30]} e5 {[%clk 0:27:51]}
19.c5 {[%clk 0:15:15]} Qc7 {[%clk 0:26:37]} 20.e3 {[%clk 0:12:29]}
e4 {[%clk 0:15:51]} 21.dxe4 {[%clk 0:11:14]} Nxe4 {[%clk 0:16:18]}
22.Nxe4 {[%clk 0:09:55]} Bxe4 {[%clk 0:16:18]} 23.Nd4 {[%clk 0:08:08]}
Nf6 {[%clk 0:16:28]} 24.Ra7 {[%clk 0:04:02]} Bxg2 {[%clk 0:10:42]}
25.Kxg2 {[%clk 0:04:28]} Ne4 {[%clk 0:11:07]} 26.Qb2 {[%clk 0:03:19]}
Qc8 {[%clk 0:06:04]} 27.h4 {[%clk 0:00:51]} g5 {[%clk 0:01:53]}
28.h5 {[%clk 0:01:13]} Re7 {[%clk 0:01:44]} 29.b5 {[%clk 0:01:07]}
Nxc5 {[%clk 0:01:21]} 30.Qa3 {[%clk 0:00:55]} Qg4 {[%clk 0:00:51]}
31.Qxc5 {[%clk 0:01:10]} Qe4+ {[%clk 0:01:16]} 32.Kh2 {[%clk 0:01:13]}
Re8 {[%clk 0:00:57]} 33.bxc6 {[%clk 0:01:03]} bxc6 {[%clk 0:00:45]}
34.Qxc6 {[%clk 0:01:26]} Kg7 {[%clk 0:00:50]} 35.Ra6 {[%clk 0:01:47]} 1-0

[Event "Russian Higher League 2021"]
[Site "?"]
[Date "2021.06.26"]
[Round "1.25"]
[White "Chyndygyr, Tamerlan"]
[Black "Zakhartsov, Vladimir"]
[Result "0-1"]
[WhiteElo "2121"]
[BlackElo "2506"]
[Annotator ""]
[Source ""]
[Remark ""]

1.d4 {[%clk 1:30:58]} Nf6 {[%clk 1:23:06]} 2.c4 {[%clk 1:31:18]}
e6 {[%clk 1:23:28]} 3.Nc3 {[%clk 1:31:31]} Bb4 {[%clk 1:23:50]}
4.Qc2 {[%clk 1:31:51]} d5 {[%clk 1:22:43]} 5.cxd5 {[%clk 1:32:14]}
exd5 {[%clk 1:22:49]} 6.Bg5 {[%clk 1:32:35]} h6 {[%clk 1:23:02]}
7.Bh4 {[%clk 1:32:55]} c5 {[%clk 1:23:09]} 8.e3 {[%clk 1:32:18]}
Nc6 {[%clk 1:18:38]} 9.a3 {[%clk 1:30:21]} Bxc3+ {[%clk 1:15:48]}
10.bxc3 {[%clk 1:30:42]} g5 {[%clk 1:14:37]} 11.Bg3 {[%clk 1:31:06]}
Qa5 {[%clk 1:14:54]} 12.Nf3 {[%clk 1:22:06]} Ne4 {[%clk 1:04:11]}
13.Nd2 {[%clk 1:08:20]} cxd4 {[%clk 0:53:32]} 14.Nxe4 {[%clk 1:06:26]}
dxe4 {[%clk 0:53:53]} 15.exd4 {[%clk 1:01:32]} Be6 {[%clk 0:44:34]}
16.Qd2 {[%clk 0:55:07]} f5 {[%clk 0:42:47]} 17.Bd6 {[%clk 0:39:25]}
O-O-O {[%clk 0:40:54]} 18.Bc5 {[%clk 0:36:35]} b6 {[%clk 0:39:56]}
19.Bb4 {[%clk 0:36:03]} Qa4 {[%clk 0:38:09]} 20.Rb1 {[%clk 0:31:47]}
f4 {[%clk 0:30:40]} 21.Be2 {[%clk 0:28:32]} f3 {[%clk 0:30:41]}
22.gxf3 {[%clk 0:21:45]} exf3 {[%clk 0:31:06]} 23.Bd3 {[%clk 0:13:23]}
Bh3 {[%clk 0:29:33]} 24.Qa2 {[%clk 0:07:35]} Rhe8+ {[%clk 0:25:50]}
25.Kd2 {[%clk 0:07:59]} Be6 {[%clk 0:25:54]} 26.Qb2 {[%clk 0:05:32]}
Ne5 {[%clk 0:19:14]} 27.dxe5 {[%clk 0:04:49]} Bf5 {[%clk 0:19:34]}
28.Rbd1 {[%clk 0:00:35]} Bxd3 {[%clk 0:17:51]} 29.Kc1 {[%clk 0:00:32]}
Rxe5 {[%clk 0:17:53]} 30.Rd2 {[%clk 0:00:33]} a5 {[%clk 0:16:19]} 0-1

[Event "Russian Higher League 2021"]
[Site "?"]
[Date "2021.06.26"]
[Round "1.26"]
[White "Zabotin, Alexander"]
[Black "Borisov, Maxim S."]
[Result "1-0"]
[WhiteElo "2506"]
[BlackElo "2051"]
[Annotator ""]
[Source ""]
[Remark ""]

1.d4 {[%clk 1:24:48]} d5 {[%clk 1:30:40]} 2.Nf3 {[%clk 1:24:44]}
Nf6 {[%clk 1:30:56]} 3.c4 {[%clk 1:25:08]} e6 {[%clk 1:31:21]}
4.Nc3 {[%clk 1:25:25]} Be7 {[%clk 1:31:44]} 5.g3 {[%clk 1:24:17]}
O-O {[%clk 1:31:06]} 6.Bg2 {[%clk 1:24:43]} c6 {[%clk 1:28:52]}
7.Qd3 {[%clk 1:24:46]} Nbd7 {[%clk 1:28:11]} 8.O-O {[%clk 1:25:07]}
b6 {[%clk 1:28:22]} 9.Rd1 {[%clk 1:25:27]} Ba6 {[%clk 1:25:32]}
10.b3 {[%clk 1:23:22]} Qc7 {[%clk 1:14:24]} 11.Bb2 {[%clk 0:53:55]}
Rfd8 {[%clk 1:07:42]} 12.e4 {[%clk 0:50:47]} dxc4 {[%clk 0:56:36]}
13.Qe2 {[%clk 0:50:33]} b5 {[%clk 0:49:36]} 14.bxc4 {[%clk 0:50:55]}
bxc4 {[%clk 0:45:13]} 15.d5 {[%clk 0:35:55]} cxd5 {[%clk 0:24:58]}
16.exd5 {[%clk 0:36:21]} Nc5 {[%clk 0:24:40]} 17.Nd4 {[%clk 0:14:53]}
Bb7 {[%clk 0:11:16]} 18.dxe6 {[%clk 0:13:38]} Bxg2 {[%clk 0:11:22]}
19.exf7+ {[%clk 0:13:57]} Kh8 {[%clk 0:11:41]} 20.Kxg2 {[%clk 0:05:43]}
Bf8 {[%clk 0:11:57]} 21.Ba3 {[%clk 0:03:10]} Qxf7 {[%clk 0:11:58]}
22.Bxc5 {[%clk 0:03:06]} Bxc5 {[%clk 0:12:26]} 23.Ne6 {[%clk 0:03:27]}
Re8 {[%clk 0:09:32]} 24.Re1 {[%clk 0:03:24]} Bb4 {[%clk 0:09:39]}
25.Rac1 {[%clk 0:03:49]} Rac8 {[%clk 0:09:31]} 26.Qe5 {[%clk 0:01:48]}
h6 {[%clk 0:05:20]} 27.f4 {[%clk 0:01:45]} Qb7+ {[%clk 0:04:59]}
28.Kh3 {[%clk 0:02:03]} Qf3 {[%clk 0:04:55]} 29.Re3 {[%clk 0:01:00]}
Qg4+ {[%clk 0:04:00]} 30.Kg2 {[%clk 0:01:24]} Bxc3 {[%clk 0:01:14]}
31.Rcxc3 {[%clk 0:01:48]} Qd1 {[%clk 0:01:36]} 32.Re1 {[%clk 0:01:28]}
Qd7 {[%clk 0:00:51]} 33.f5 {[%clk 0:01:33]} Qc6+ {[%clk 0:00:45]}
34.Kh3 {[%clk 0:01:53]} Qa4 {[%clk 0:00:35]} 35.a3 {[%clk 0:01:31]}
Rc6 {[%clk 0:00:32]} 36.Rb1 {[%clk 0:01:18]} Qa6 {[%clk 0:00:35]}
37.Kh4 {[%clk 0:00:46]} Rec8 {[%clk 0:00:39]} 38.Rd1 {[%clk 0:01:00]}
Qb6 {[%clk 0:00:45]} 39.Qd4 {[%clk 0:00:51]} Qb5 {[%clk 0:00:47]}
40.g4 {[%clk 0:01:08]} Qb8 {[%clk 0:00:34]} 41.Kh3 {[%clk 0:01:04]}
Qb7 {[%clk 0:00:34]} 42.Nd8 {[%clk 0:01:10]} Rxd8 {[%clk 0:00:31]}
43.Qxd8+ {[%clk 0:01:35]} Kh7 {[%clk 0:00:57]} 44.Qd4 {[%clk 0:01:56]}
Qc8 {[%clk 0:01:10]} 45.Qd8 {[%clk 0:01:06]} Qb7 {[%clk 0:01:11]}
46.Qd4 {[%clk 0:01:07]} Qc8 {[%clk 0:01:35]} 47.Kg2 {[%clk 0:01:04]}
Qb7 {[%clk 0:01:14]} 48.Kg1 {[%clk 0:01:27]} Rc7 {[%clk 0:01:06]}
49.Rxc4 {[%clk 0:00:36]} Rd7 {[%clk 0:01:13]} 50.Qa1 {[%clk 0:01:05]}
Qb6+ {[%clk 0:01:35]} 51.Kg2 {[%clk 0:01:10]} Qb7+ {[%clk 0:01:59]}
52.Kf2 {[%clk 0:01:09]} Qb6+ {[%clk 0:02:11]} 53.Rcd4 {[%clk 0:01:17]}
Rc7 {[%clk 0:01:33]} 54.Qb1 {[%clk 0:00:42]} Qc5 {[%clk 0:01:27]}
55.Kg2 {[%clk 0:00:37]} Qxa3 {[%clk 0:00:41]} 56.Qd3 {[%clk 0:00:37]}
Qb2+ {[%clk 0:00:34]} 57.Rd2 {[%clk 0:01:01]} Qb7+ {[%clk 0:00:53]}
58.Qf3 {[%clk 0:01:24]} Qb6 {[%clk 0:00:45]} 59.h4 {[%clk 0:01:42]}
Qb5 {[%clk 0:00:31]} 60.g5 {[%clk 0:01:46]} Ne8 {[%clk 0:00:39]}
61.Re2 {[%clk 0:01:22]} Rc8 {[%clk 0:00:52]} 62.Rde4 {[%clk 0:00:41]}
Nd6 {[%clk 0:01:11]} 63.Re5 {[%clk 0:01:05]} Qb4 {[%clk 0:01:26]}
64.g6+ {[%clk 0:01:22]} Kh8 {[%clk 0:01:35]} 65.f6 {[%clk 0:01:43]}
Rf8 {[%clk 0:00:40]} 66.Re7 {[%clk 0:01:39]} 1-0

[Event "Russian Championship HL 2021_Men"]
[Site "?"]
[Date "2021.06.26"]
[Round "1.27"]
[White "Nurachev, Abdul"]
[Black "Murzin, Volodar"]
[Result "0-1"]
[WhiteElo "1773"]
[BlackElo "2502"]
[Annotator ""]
[Source ""]
[Remark ""]

1.e4 c5 2.Nf3 d6 3.d4 cxd4 4.Nxd4 Nf6 5.Nc3 a6 6.g3 e5 7.Nde2
Be6 8.Bg2 Nbd7 9.O-O Be7 10.h3 b5 11.Be3 O-O 12.g4 Rc8 13.Ng3
Nc5 14.Qd2 g6 15.f4 exf4 16.Bxf4 Nfd7 17.Rad1 Ne5 18.b3 b4 19.Nce2
a5 20.Nd4 Bd7 21.Kh2 Rc7 22.Bh6 Re8 23.Ndf5 gxf5 24.gxf5 Bf8
25.f6 Ne6 26.Bxf8 Rxf8 27.Nf5 Kh8 28.Qh6 Rg8 29.Ne7 Rxc2 30.Nxg8
Qxg8 31.Rd2 Rc3 32.Rxd6 Qg3+ 33.Kh1 Ng4 34.hxg4 Qxd6 35.Qh5 Kg8
36.Rf5 Rc1+ 37.Bf1 Qd2 38.Qh2 Qxh2+ 39.Kxh2 Bc6 40.Bd3 Rc5 41.Rf2
Bb5 42.Bxb5 Rxb5 43.Kg3 h6 44.Rd2 Kh7 45.Rd5 Rc5 46.Rxc5 Nxc5
47.Kf4 Kg6 48.e5 Ne6+ 49.Ke4 Kg5 50.Kd5 Kxg4 51.Kd6 Kf5 52.Ke7
h5 53.Kxf7 h4 54.Ke7 h3 55.f7 h2 56.f8Q+ 0-1